Giap ou La guerre du peuple / (Record no. 18385)

MARC details
000 -LEADER
campo de control de longitud fija 00833nam a2200277 i 4500
001 - NÚMERO DE CONTROL
campo de control 18385
003 - IDENTIFICADOR DE NÚMERO DE CONTROL
campo de control ES-MaACL
005 - FECHA Y HORA DE LA ÚLTIMA TRANSACCIÓN
campo de control 20230906151826.0
007 - CAMPO FIJO DE DESCRIPCIÓN FÍSICA--INFORMACIÓN GENERAL
campo de control de longitud fija t|
008 - DATOS DE LONGITUD FIJA--INFORMACIÓN GENERAL
campo de control de longitud fija 011213s1973 fr ||||1| fre d
080 ## - NÚMERO DE LA CLASIFICACIÓN DECIMAL UNIVERSAL
Número de la Clasificación Decimal Universal 929 Vo-Nguyen-Giap
080 ## - NÚMERO DE LA CLASIFICACIÓN DECIMAL UNIVERSAL
Número de la Clasificación Decimal Universal 959.6/8"1946/54"
080 ## - NÚMERO DE LA CLASIFICACIÓN DECIMAL UNIVERSAL
Número de la Clasificación Decimal Universal 959.7"1961/75"
100 1# - ENTRADA PRINCIPAL--NOMBRE DE PERSONA
Nombre de persona Le Quang, Gerard.
9 (RLIN) 70916
245 10 - MENCIÓN DEL TÍTULO
Título Giap ou La guerre du peuple /
Mención de responsabilidad, etc. Gérad le Quang.
260 ## - PUBLICACIÓN, DISTRIBUCIÓN, ETC.
Lugar de publicación, distribución, etc. Paris :
Nombre del editor, distribuidor, etc. Denoël,
Fecha de publicación, distribución, etc. [1973]
300 ## - DESCRIPCIÓN FÍSICA
Extensión 252 p., [8] p. de fot. ;
Dimensiones 23 cm.
490 1# - MENCIÓN DE SERIE
Mención de serie Grands reportages
500 ## - NOTA GENERAL
Nota general Biblioteca Juan Andrade.
600 14 - PUNTO DE ACCESO ADICIONAL DE MATERIA--NOMBRE DE PERSONA
Nombre de persona Vo-Nguyen-Giap.
9 (RLIN) 115635
650 14 - PUNTO DE ACCESO ADICIONAL DE MATERIA--TÉRMINO DE MATERIA
Término de materia o nombre geográfico como elemento de entrada Guerra de Indochina-
Subdivisión cronológica 1946-1954.
9 (RLIN) 13186
650 14 - PUNTO DE ACCESO ADICIONAL DE MATERIA--TÉRMINO DE MATERIA
Término de materia o nombre geográfico como elemento de entrada Guerra del Vietnam, 1961-1975.
9 (RLIN) 13204
830 0# - PUNTO DE ACCESO ADICIONAL DE SERIE-TÍTULO UNIFORME
Título uniforme Grands reportages
9 (RLIN) 228799
852 ## - LOCALIZACIÓN
Ubicación ES-MaACL
Número de control de estantería AND-141
Sublocalización o colección R.109438
Holdings
Estatus retirado Estado de pérdida Estado de daño No para préstamo Biblioteca de origen Biblioteca actual Ubicación en estantería Fecha de adquisición Fuente de adquisición Total de préstamos Signatura topográfica completa Código de barras Visto por última vez Precio de reemplazo Tipo de ítem Koha
        Biblioteca del Ateneo de Madrid Biblioteca del Ateneo de Madrid Depósito 2 17/01/2008     AND-141 1018806 23/02/2023 23/02/2023 Libro impreso